| 000 | 00615nam a22001455i 4500 | ||
|---|---|---|---|
| 001 | 161021 | ||
| 003 | ES-MaACL | ||
| 005 | 20230906212158.0 | ||
| 008 | 950206s1895 sp |||| | spa d | ||
| 040 |
_aCARM _bspa _cCCPB | PA2 |
||
| 245 | 0 | 0 |
_aOpiniones del Ejército y Armada sobre el Banco Militar de España _b: en contestación a consulta hecha por el Consejo de Administración del Banco Militar y de Comercio : primera serie de cartas. |
| 260 |
_aMadrid : _b[s.n.], _c1895 ( _fImprenta de la Viuda de M. Minuesa de los Ríos) |
||
| 300 |
_aXXII, 326 p. ; _c23 cm. |
||
| 852 |
_aES-MaACL _jG-12725 _z-- Enc. hol. |
||
| 999 |
_c161021 _d161021 |
||